000 00368 a2200133 4500
003 Nust
005 20170207154601.0
040 _cNust
082 _a025.34
245 _aBeginners english stage 1 language review : Units : 7-9, side 1: units: 10-13, side 2
505 _aAlmirah No.73 shelf No.6
650 _aEnglish learning
651 _aBeginners english stage 1
655 _aLanguage review
999 _c198614
_d198614